1839 1910 1810 1448 1970 1110 1115 1234 1528 1862 1314 1059 1759 1646 1083 1087 1379 1349 1881 1601 1528 1020 1416 1450 1498 1927 1836 1760 1712 1742 1644 1717 1827 1211 1863 1557 1524 1034 1832 1884 1796 1142 1795 1226 1308 1302 1798 1975 1084 1331 1998 1337 1466 1461 1856 1629 1155 1282 1674 1458 1477 1933 1779 1900 1092 1811 1119 1612 1519 1884 1419 1025 1284 1525 1818 1941 1742 1570 1781 1384 1700 1964 1342 1404 1648 1236 1801 1641 1570 1044 1148 1682 1858 1411 1722 1511 1991 1239 1048 BCNSPRNW ULIB Ver.6.0+V

เปลี่ยนเป็นภาษาไทย

Change to English
 แสดงรายละเอียดบรรณานุกรม
  กลับหน้าหลัก

Brief Record : Get Marc (ISO 2709) : E-mail record : QR code < ปิดหน้าต่าง
LEADER : 00000nam 2200000uu 4500
001    13399124622
003     ULIB
008    151030s2555||||th 000 0 tha d
020    9786162831973
050  4 DS586^b
245 00 จดหมายเหตุเฉลิมพระเกียรติพระบาทสมเด็จพระนางเจ้าสิริกิติ์ พระบรมราชินีนาถ ^bเนื่องในโอกาสพระราชพิธีมหามงคลเฉลิมพระชนมพรรษา 80 พรรษา 12 สิงหาคม 2555 /^cกรมศิลปากร
250    พิมพ์ครั้งที่ 1
260    กรุงเทพฯ :^bกรมศิลปากร,^c2555
300    452 หน้า :^bภาพประกอบ
650  0 พระบาทสมเด็จพระนางเจ้าสิริกิติ์ พระบรมราชินีนาถ
710 2  กรมศิลปากร
945    ^p0^l0^i000155
999    ^aเกษร โพธิ์สุวรรณ
รายการนี้ยังไม่มีแท็ก
คุณยังไม่ได้ล็อกอิน คุณสามารถมีกิจกรรมร่วมกับเว็บไซต์ได้ แต่ต้องล็อกอินก่อน ::
  ล็อกอิน

รายการสื่อสารสนเทศ

ลำดับที่ ประเภท เลขเรียก/บาร์โค้ด สถานที่ สถานะ
1. การศึกษาทั่วไป
การศึกษาทั่วไป
DS586 ฉ.1 
  Barcode: 000155
ห้องสมุดวิทยาเขตสวรรค์ประชารักษ์
►หนังสือทั่วไป
บนชั้น

BibComment


ยังไม่เคยถูกคอมเมนท์

คอมเมนท์ทรัพยากรรายการนี้
  คอมเมนท์: จดหมายเหตุเฉลิมพร..


 Copyright 2026. Bcnsprnw @Library